000 00905nam a22002777a 4500
001 462
003 BD-RjUL
005 20211208233201.0
008 131118s2001 ii 001 0 eng d
020 _a8126108681
035 _a(BD-RjUL) 479
040 _aBD-RjUL
_beng
_cBD-RjUL
041 _aeng
082 0 0 _a025.34
_bLIB
245 0 0 _aLibrary cataloguing and multimedia libraries /
_cedited by Shyama Balakrishnan; P K Paliwal
260 _aNew Delhi,
_cc2001.
300 _a292 p. ;
_c22 cm.
490 _a Encyclopedia of library and information technology for 21st century series.
500 _aIncludes index.
526 _bLibrary science
650 0 _aLibraries -- Special collections -- Nonbook materials.
_91434
650 0 _aCataloging of nonbook materials.
_91435
700 1 _aBalakrishnan, Shyama
_91436
700 1 _aShyama Balakrishnan; P K Paliwal
_91437
942 _2ddc
_cBK
999 _c462
_d462